000 00301nam a22001337a 4500
008 181023b xxu||||| |||| 00| 0 eng d
020 _a9781605258027
041 _aeng
080 _a721
100 _a42
101 _aNDE
245 _aPrint Reading for Construction
_cBrown, W.C
942 _2udc
_cBK
999 _c50612
_d50612